[Event "Campeonato de España sub-16 2011"]
[Site "Padron ESP"]
[Date "2011.07.21"]
[Round "5.3"]
[White "Anton Guijarro, David"]
[Black "Aranaz Murillo, Amalia"]
[Result "1-0"]
[WhiteElo "2473"]
[BlackElo "2176"]
[PlyCount "73"]
[EventDate "2011.07.19"]
[EventType "swiss"]
[EventRounds "9"]
[EventCountry "ESP"]
[Source "lmi"]
[SourceDate "2011.07.19"]

1. e4 c6 2. Nc3 d5 3. Nf3 Bg4 4. h3 Bxf3 5. Qxf3 e6 6. Be2 Nd7 7. d4 dxe4 8.
Nxe4 Ngf6 9. O-O Nxe4 10. Qxe4 Nf6 11. Qd3 Be7 12. Bf3 Qc7 13. Qb3 O-O 14. Re1
Rfd8 15. c3 Rd7 16. a4 a5 17. Bg5 h6 18. Bh4 Nd5 19. Bxe7 Rxe7 20. Re5 Rd7 21.
Rae1 Rb8 22. g3 b5 23. R1e2 Qd8 24. axb5 Rxb5 25. Qd1 Ne7 26. Rxb5 cxb5 27. Qb3
b4 28. Re5 bxc3 29. bxc3 Nd5 30. c4 Nf6 31. Rb5 Qe7 32. d5 exd5 33. cxd5 Ra7
34. Rb8+ Kh7 35. Qd3+ g6 36. d6 Qd7 37. Qd4 1-0

[Event "Campeonato de España sub-16 2011"]
[Site "Padron ESP"]
[Date "2011.07.21"]
[Round "5.4"]
[White "Alcaraz Ortega, Javier"]
[Black "Suarez Garcia, Carlos"]
[Result "0-1"]
[WhiteElo "2248"]
[BlackElo "2250"]
[PlyCount "90"]
[EventDate "2011.07.19"]
[EventType "swiss"]
[EventRounds "9"]
[EventCountry "ESP"]
[Source "lmi"]
[SourceDate "2011.07.19"]

1. d4 d5 2. Nf3 Nf6 3. c4 c6 4. Nc3 a6 5. c5 Bf5 6. Bf4 Nh5 7. Be5 Nd7 8. e3
Nhf6 9. Bd3 Bxd3 10. Qxd3 Nxe5 11. Nxe5 Nd7 12. f4 g6 13. O-O Bg7 14. b4 f6 15.
Nf3 O-O 16. e4 e6 17. a4 Qc7 18. e5 fxe5 19. fxe5 Bh6 20. g3 a5 21. b5 b6 22.
cxb6 Nxb6 23. bxc6 Qxc6 24. Kg2 Nc4 25. Rf2 Ra7 26. Nd1 Rb7 27. h4 Rb4 28. Qc2
Rb2 29. Qc3 Ne3+ 30. Kg1 Qxc3 31. Nxc3 Rb3 32. Rc1 Ng4 33. Nd2 Rxf2 34. Nxb3
Bxc1 35. Nxc1 Rc2 36. N1e2 Ne3 37. Kf2 Nf5 38. Ke1 Nxg3 39. Kd1 Rxe2 40. Nxe2
Nxe2 41. Kxe2 h5 42. Kf3 Kg7 43. Kg3 Kh6 44. Kf4 g5+ 45. hxg5+ Kg6 0-1

[Event "Campeonato de España sub-16 2011"]
[Site "Padron ESP"]
[Date "2011.07.21"]
[Round "5.5"]
[White "Cruz Lledo, Pablo"]
[Black "Cerrato Torrijos, Maria"]
[Result "1-0"]
[WhiteElo "2269"]
[BlackElo "2124"]
[PlyCount "55"]
[EventDate "2011.07.19"]
[EventType "swiss"]
[EventRounds "9"]
[EventCountry "ESP"]
[Source "lmi"]
[SourceDate "2011.07.19"]

1. d4 e6 2. c4 Nf6 3. Nc3 Bb4 4. e3 c5 5. Nf3 O-O 6. Bd3 d5 7. O-O Nc6 8. a3
Bxc3 9. bxc3 Qc7 10. Qe2 dxc4 11. Bxc4 e5 12. Bb2 Bg4 13. h3 Bh5 14. g4 Bg6 15.
Nxe5 Be4 16. f3 Bd5 17. Bxd5 Nxd5 18. c4 Nde7 19. Nxc6 bxc6 20. dxc5 Ng6 21.
Rad1 Rfe8 22. Rd6 Qe7 23. Bd4 Qh4 24. Qg2 Rac8 25. f4 Re7 26. Kh2 h5 27. gxh5
Qxh5 28. f5 1-0

[Event "Campeonato de España sub-16 2011"]
[Site "Padron ESP"]
[Date "2011.07.21"]
[Round "5.6"]
[White "Madurga Lopez, Ignacio"]
[Black "Fernandez Lledo, Javier"]
[Result "1/2-1/2"]
[WhiteElo "2036"]
[BlackElo "2204"]
[PlyCount "60"]
[EventDate "2011.07.19"]
[EventType "swiss"]
[EventRounds "9"]
[EventCountry "ESP"]
[Source "lmi"]
[SourceDate "2011.07.19"]

1. e4 c5 2. Nf3 d6 3. d4 Nf6 4. Nc3 cxd4 5. Nxd4 Nc6 6. Bg5 e6 7. Qd2 a6 8.
O-O-O h6 9. Nxc6 bxc6 10. Bf4 d5 11. Qe3 Qa5 12. exd5 cxd5 13. Be2 Bb4 14. Bf3
Bxc3 15. Qxc3 Qxc3 16. bxc3 Bb7 17. Be5 Rc8 18. Kd2 Rc4 19. Rb1 Bc8 20. Rb8 O-O
21. Bxf6 gxf6 22. Be2 Ra4 23. Rhb1 Rxa2 24. Ra8 Bd7 25. Rxa6 Rxa6 26. Bxa6 e5
27. Rb6 Be6 28. g3 Rd8 29. Ke3 Kg7 30. h4 Ra8 1/2-1/2

[Event "Campeonato de España sub-16 2011"]
[Site "Padron ESP"]
[Date "2011.07.21"]
[Round "5.7"]
[White "Tallo Dominguez, Imar"]
[Black "Shen, Yue"]
[Result "0-1"]
[WhiteElo "2176"]
[BlackElo "2053"]
[PlyCount "71"]
[EventDate "2011.07.19"]
[EventType "swiss"]
[EventRounds "9"]
[EventCountry "ESP"]
[Source "lmi"]
[SourceDate "2011.07.19"]

1. e4 c5 2. Nf3 d6 3. d4 cxd4 4. Qxd4 a6 5. c4 Nc6 6. Qd2 g6 7. b3 Bg7 8. Bb2
Nf6 9. Nc3 O-O 10. Be2 Rb8 11. Rd1 Qa5 12. O-O b5 13. Qc2 Bg4 14. cxb5 axb5 15.
h3 Bxf3 16. Bxf3 Rfc8 17. Qd2 Ne5 18. Be2 b4 19. Nd5 Nxd5 20. exd5 Qxa2 21.
Bxe5 Rc2 22. Qg5 Rxe2 23. Bxg7 Kxg7 24. Rde1 Rb7 25. Qg3 Rxe1 26. Rxe1 Qd2 27.
Qe3 Qxd5 28. Rc1 Qe5 29. Qd2 d5 30. f4 Qe4 31. Re1 Qf5 32. g4 Qd7 33. Qd4+ f6
34. Rc1 h5 35. g5 Qxh3 36. Qxd5 0-1

[Event "Campeonato de España sub-16 2011"]
[Site "Padron ESP"]
[Date "2011.07.21"]
[Round "5.8"]
[White "Quintin Navarro, Alberto"]
[Black "Gonzalez Hernandez, Ferran"]
[Result "1-0"]
[WhiteElo "2153"]
[BlackElo "2031"]
[PlyCount "108"]
[EventDate "2011.07.19"]
[EventType "swiss"]
[EventRounds "9"]
[EventCountry "ESP"]
[Source "lmi"]
[SourceDate "2011.07.19"]

1. e4 c5 2. Nf3 Nc6 3. Bb5 g6 4. Bxc6 bxc6 5. O-O Bg7 6. Re1 e5 7. c3 Ne7 8. d4
cxd4 9. cxd4 exd4 10. Nxd4 Qc7 11. Bg5 Qe5 12. Be3 O-O 13. f4 Qb8 14. Qd2 d5
15. exd5 cxd5 16. Nc3 Bb7 17. Rf1 Nf5 18. Nxf5 gxf5 19. Bd4 Qd6 20. Bxg7 Kxg7
21. Nb5 Qf6 22. Nd4 Rfe8 23. Rf3 h6 24. Rd1 Kh7 25. h3 Re4 26. Kh2 Rg8 27. Qf2
Ba6 28. Ra3 Rb8 29. Ra5 Rd8 30. b4 Qb6 31. Qd2 Bc8 32. Rc5 Qd6 33. g3 Bd7 34.
Rdc1 Rde8 35. b5 Re3 36. R5c2 Qa3 37. Rg1 R8e4 38. Nb3 d4 39. Rg2 Bxb5 40. Nxd4
Bf1 41. Nxf5 Bxg2 42. Nxe3 Rxe3 43. Qxg2 Qe7 44. f5 a5 45. Rf2 Qe4 46. Qxe4
Rxe4 47. Kg2 Re3 48. a4 Ra3 49. Rf4 Kg7 50. f6+ Kg6 51. g4 Kh7 52. h4 Kg6 53.
Kf2 Rh3 54. h5+ Kg5 1-0

[Event "Campeonato de España sub-16 2011"]
[Site "Padron ESP"]
[Date "2011.07.21"]
[Round "5.9"]
[White "Jimenez Almeida, Luis David"]
[Black "Ballester Llagaria, Luis Eduard"]
[Result "0-1"]
[WhiteElo "1998"]
[BlackElo "2139"]
[PlyCount "74"]
[EventDate "2011.07.19"]
[EventType "swiss"]
[EventRounds "9"]
[EventCountry "ESP"]
[Source "lmi"]
[SourceDate "2011.07.19"]

1. e4 c5 2. Nf3 e6 3. d4 cxd4 4. Nxd4 Nc6 5. Nc3 a6 6. Nb3 b5 7. Bd3 Nf6 8. Be3
Be7 9. f4 d6 10. Qe2 Bb7 11. Rd1 Qc7 12. O-O h5 13. Kh1 h4 14. f5 Rc8 15. fxe6
fxe6 16. Bf4 Ne5 17. Nd4 Kf7 18. Bxe5 dxe5 19. Nf3 Rh5 20. Nd2 Rch8 21. a4 b4
22. Na2 a5 23. Bc4 Bc5 24. Qg4 Bc8 25. Qh3 Ke7 26. Nc1 Rf8 27. Nd3 Bd4 28. b3
g5 29. Nf2 Rhh8 30. Ng4 Nh5 31. Qd3 Ng3+ 32. Qxg3 hxg3 33. h3 Rxf1+ 34. Rxf1
Rf8 35. Nf3 Bb7 36. Re1 Bf2 37. Re2 Rd8 0-1

[Event "Campeonato de España sub-16 2011"]
[Site "Padron ESP"]
[Date "2011.07.21"]
[Round "5.10"]
[White "Silva Rodriguez, Julio"]
[Black "Alonso Vara, Maria"]
[Result "1-0"]
[WhiteElo "2133"]
[BlackElo "1829"]
[PlyCount "123"]
[EventDate "2011.07.19"]
[EventType "swiss"]
[EventRounds "9"]
[EventCountry "ESP"]
[Source "lmi"]
[SourceDate "2011.07.19"]

1. e4 c5 2. Nf3 d6 3. d4 cxd4 4. Nxd4 Nf6 5. Nc3 a6 6. g3 e5 7. Nb3 Nbd7 8. a4
b6 9. Bg2 Bb7 10. O-O Rc8 11. Re1 Be7 12. Nd2 O-O 13. Nf1 Nc5 14. Bg5 Ne6 15.
Bxf6 Bxf6 16. Ne3 Nd4 17. Ncd5 Bg5 18. c3 Bxd5 19. exd5 Bxe3 20. fxe3 Nf5 21.
Bh3 Qg5 22. e4 Ne7 23. Bxc8 Rxc8 24. Qe2 f5 25. Rf1 f4 26. Rf3 Ng6 27. Kh1 a5
28. Rg1 Qh5 29. Rf2 Qxe2 30. Rxe2 Rc4 31. Ra1 h5 32. Kg2 h4 33. Kf3 hxg3 34.
hxg3 fxg3 35. Kxg3 Nf4 36. Re3 g6 37. b3 Rc7 38. Rf1 g5 39. Rf2 Kg7 40. Rh2 Rc8
41. c4 Kg6 42. Re1 Nh5+ 43. Kf3 Rf8+ 44. Ke3 g4 45. Rf2 Nf4 46. Rh1 Kg5 47. Rh7
g3 48. Rg7+ Kh4 49. Rf3 Ng2+ 50. Ke2 Nf4+ 51. Kf1 Nh5 52. Rxf8 Nxg7 53. Kg2 Nh5
54. Rh8 Kg4 55. Rxh5 Kxh5 56. Kxg3 Kg5 57. Kf3 Kh5 58. Ke3 Kg4 59. b4 axb4 60.
a5 bxa5 61. c5 Kg5 62. c6 1-0

[Event "Campeonato de España sub-16 2011"]
[Site "Padron ESP"]
[Date "2011.07.21"]
[Round "5.11"]
[White "Valhondo Morales, Ruben"]
[Black "Rodriguez Ferraz, Borja"]
[Result "1/2-1/2"]
[WhiteElo "1993"]
[BlackElo "2125"]
[PlyCount "102"]
[EventDate "2011.07.19"]
[EventType "swiss"]
[EventRounds "9"]
[EventCountry "ESP"]
[Source "lmi"]
[SourceDate "2011.07.19"]

1. e4 e5 2. Nf3 Nc6 3. Bb5 a6 4. Ba4 Nf6 5. O-O Bc5 6. c3 b5 7. Bb3 d6 8. d4
Bb6 9. Be3 Bg4 10. Nbd2 exd4 11. cxd4 Nxd4 12. Bxd4 Bxd4 13. Bxf7+ Kxf7 14.
Qb3+ d5 15. Nxd4 c5 16. Nc6 Qd6 17. exd5 Rhe8 18. f4 Kg8 19. h3 Bf5 20. Rae1
Nxd5 21. Ne7+ Rxe7 22. Rxe7 Be6 23. Rxe6 Qxe6 24. Qf3 Re8 25. Nb3 Nf6 26. Kh2
Qd6 27. Rd1 Qc7 28. Kh1 Re4 29. f5 Qe7 30. Qf2 Re2 31. Qxc5 Qxc5 32. Nxc5 Rxb2
33. Nxa6 Rxa2 34. Nc7 b4 35. g4 b3 36. Ne6 Ne8 37. Rb1 b2 38. Kh2 Nd6 39. Nc5
Nc4 40. Nd3 Ra1 41. Nxb2 Rxb1 42. Nxc4 Rb3 43. Kg2 Kf7 44. Ne5+ Ke7 45. Nf3 Kd6
46. Ng5 h6 47. Ne6 g6 48. Nd4 Rb2+ 49. Kg3 Ke5 50. Nf3+ Kf6 51. fxg6 Kxg6
1/2-1/2

[Event "Campeonato de España sub-16 2011"]
[Site "Padron ESP"]
[Date "2011.07.21"]
[Round "5.12"]
[White "Martin Duque, Jesus"]
[Black "Diaz Camallonga, Carles"]
[Result "1-0"]
[WhiteElo "2124"]
[BlackElo "1958"]
[PlyCount "77"]
[EventDate "2011.07.19"]
[EventType "swiss"]
[EventRounds "9"]
[EventCountry "ESP"]
[Source "lmi"]
[SourceDate "2011.07.19"]

1. e4 e6 2. d4 d5 3. Nd2 c5 4. exd5 Qxd5 5. dxc5 Bxc5 6. Ngf3 Nf6 7. Bd3 Nc6 8.
Qe2 O-O 9. O-O Bd7 10. Ne4 Nxe4 11. Bxe4 Qh5 12. Rd1 Rfd8 13. Bf4 Rac8 14. c3
Bb6 15. Bd6 e5 16. Rd2 f6 17. Nxe5 Bxf2+ 18. Kh1 Qe8 19. Nxd7 Rxd7 20. Bf5 Qxe2
21. Rxe2 Rcd8 22. Bxd7 Rxd7 23. Rxf2 Rxd6 24. Re1 Kf7 25. Kg1 Ne5 26. Rfe2 Ng6
27. g3 h5 28. Kg2 h4 29. Re4 hxg3 30. hxg3 Ne5 31. R1e2 Ke6 32. Rd4 Ra6 33. a3
g5 34. g4 Rc6 35. Kg3 Rc7 36. c4 Rh7 37. c5 Kf7 38. Rxe5 fxe5 39. Rd7+ 1-0

[Event "Campeonato de España sub-16 2011"]
[Site "Padron ESP"]
[Date "2011.07.21"]
[Round "5.13"]
[White "Suarez Gomez, Julio"]
[Black "Acosta Sosa, Juan Manuel"]
[Result "0-1"]
[WhiteElo "1819"]
[BlackElo "2088"]
[PlyCount "68"]
[EventDate "2011.07.19"]
[EventType "swiss"]
[EventRounds "9"]
[EventCountry "ESP"]
[Source "lmi"]
[SourceDate "2011.07.19"]

1. e4 c5 2. d3 Nc6 3. g3 g6 4. Bg2 Bg7 5. f4 e6 6. c3 Nge7 7. Nf3 d5 8. e5 d4
9. c4 O-O 10. O-O a6 11. Nbd2 b5 12. b3 Qb6 13. Ne4 bxc4 14. bxc4 Rd8 15. g4
Bb7 16. a3 Na5 17. Nfd2 Rab8 18. Qe1 h6 19. Qh4 Kf8 20. a4 Nac6 21. Nd6 Ba8 22.
N2e4 Qa7 23. f5 exf5 24. Bxh6 Nxe5 25. Bxg7+ Kxg7 26. Qf6+ Kg8 27. Qxe5 Bxe4
28. Bxe4 Qc7 29. Nxf7 Qxe5 30. Nxe5 fxe4 31. dxe4 Rb3 32. Rf6 Re3 33. Raf1 Rxe4
34. Nxg6 Rxg4+ 0-1

[Event "Campeonato de España sub-16 2011"]
[Site "Padron ESP"]
[Date "2011.07.21"]
[Round "5.14"]
[White "Rojano Alfonso, Carlos"]
[Black "Abal Cores, Lucas"]
[Result "1-0"]
[WhiteElo "2060"]
[BlackElo "1815"]
[PlyCount "135"]
[EventDate "2011.07.19"]
[EventType "swiss"]
[EventRounds "9"]
[EventCountry "ESP"]
[Source "lmi"]
[SourceDate "2011.07.19"]

1. e4 e5 2. d4 exd4 3. Qxd4 Nc6 4. Qe3 Nf6 5. Nc3 Bb4 6. Bd2 O-O 7. O-O-O Re8
8. Bc4 d6 9. f3 Be6 10. Bb3 Qe7 11. Bxe6 fxe6 12. Nge2 Rad8 13. Nb5 a6 14. Nbd4
Bxd2+ 15. Rxd2 Ne5 16. Qg5 c5 17. Nb3 Nc4 18. Rdd1 b5 19. Ng3 a5 20. Rhe1 a4
21. Nd2 Ne5 22. Qe3 Qb7 23. a3 Qc6 24. h3 d5 25. exd5 exd5 26. Nf5 Ng6 27. Qg5
Qc7 28. h4 Qf4 29. Ne7+ Rxe7 30. Qxf4 Rxe1 31. Qg3 Re2 32. h5 Nxh5 33. Qg5 Nf6
34. Ne4 Kf7 35. Nxf6 gxf6 36. Qh6 Kg8 37. f4 Rf2 38. g3 d4 39. Rh1 Rd7 40. Qh3
Nf8 41. Qf5 c4 42. Qxb5 d3 43. Qxc4+ Kh8 44. cxd3 Rf3 45. Qxa4 Rfxd3 46. Qe4
Rxg3 47. Qe8 Kg8 48. Rd1 Rc7+ 49. Kb1 Rg4 50. Rd8 Rf7 51. Qe4 h5 52. a4 h4 53.
a5 h3 54. Rd1 Rfg7 55. Qd5+ Rf7 56. a6 Kg7 57. Qxf7+ Kxf7 58. a7 h2 59. a8=Q
Rg1 60. Qa7+ Kg8 61. Rxg1+ hxg1=Q+ 62. Qxg1+ Kf7 63. f5 Nd7 64. Qd4 Ne5 65.
Qd5+ Ke7 66. Qe6+ Kd8 67. Qxf6+ Kc8 68. Qxe5 1-0

[Event "Campeonato de España sub-16 2011"]
[Site "Padron ESP"]
[Date "2011.07.21"]
[Round "5.16"]
[White "Navarrete Espi, Samuel"]
[Black "Arellano Pardo, Martin"]
[Result "1-0"]
[WhiteElo "2169"]
[BlackElo "1926"]
[PlyCount "55"]
[EventDate "2011.07.19"]
[EventType "swiss"]
[EventRounds "9"]
[EventCountry "ESP"]
[Source "lmi"]
[SourceDate "2011.07.19"]

1. e4 Nf6 2. e5 Nd5 3. d4 d6 4. c4 Nb6 5. exd6 exd6 6. Nc3 Nc6 7. Nf3 Bg4 8.
Be2 Be7 9. b3 O-O 10. O-O Bf6 11. Be3 Re8 12. h3 Bh5 13. Qd2 Qd7 14. Rad1 Bg6
15. Ne1 d5 16. c5 Nc8 17. g4 h6 18. Ng2 Be4 19. f3 Bh7 20. Nf4 N8e7 21. Nh5 Qe6
22. Bf2 Kh8 23. Rfe1 Ng8 24. Bc4 Qd7 25. Nxd5 Rxe1+ 26. Rxe1 Bd8 27. Qf4 Na5
28. Re7 1-0

[Event "Campeonato de España sub-16 2011"]
[Site "Padron ESP"]
[Date "2011.07.22"]
[Round "6.1"]
[White "Suarez Garcia, Carlos"]
[Black "Anton Guijarro, David"]
[Result "0-1"]
[WhiteElo "2250"]
[BlackElo "2473"]
[PlyCount "68"]
[EventDate "2011.07.19"]
[EventType "swiss"]
[EventRounds "9"]
[EventCountry "ESP"]
[Source "lmi"]
[SourceDate "2011.07.19"]

1. c4 Nf6 2. Nc3 g6 3. g3 Bg7 4. Bg2 O-O 5. e3 e5 6. Nge2 Re8 7. d4 d6 8. dxe5
Rxe5 9. O-O Nbd7 10. Nd4 Nc5 11. b3 c6 12. Qc2 Qe7 13. Re1 Bd7 14. b4 Ne6 15.
Bd2 Re8 16. Nf3 Rh5 17. Rac1 h6 18. Ne2 Qd8 19. Bc3 d5 20. cxd5 Nxd5 21. Bxg7
Nxg7 22. a3 Bf5 23. Qb2 Ne6 24. Ned4 Nxd4 25. Qxd4 Be4 26. Rcd1 Qc8 27. h4 g5
28. hxg5 hxg5 29. Kf1 Qf5 30. Ng1 Rh2 31. f3 g4 32. Rd2 gxf3 33. Bxf3 Rxd2 34.
Qxd2 Bxf3 0-1

[Event "Campeonato de España sub-16 2011"]
[Site "Padron ESP"]
[Date "2011.07.22"]
[Round "6.2"]
[White "Pardo Simon, David"]
[Black "Sanchez Ibern, Marc"]
[Result "0-1"]
[WhiteElo "2388"]
[BlackElo "2327"]
[PlyCount "120"]
[EventDate "2011.07.19"]
[EventType "swiss"]
[EventRounds "9"]
[EventCountry "ESP"]
[Source "lmi"]
[SourceDate "2011.07.19"]

1. Nf3 Nf6 2. g3 g6 3. b3 Bg7 4. Bb2 O-O 5. Bg2 d5 6. O-O c5 7. c4 e6 8. d3 b6
9. Nbd2 Bb7 10. Qc2 Nc6 11. a3 Qc7 12. cxd5 exd5 13. b4 cxb4 14. axb4 Rfc8 15.
Bh3 Nd4 16. Qd1 Ne6 17. Nd4 Re8 18. N2f3 Nxd4 19. Nxd4 Qe7 20. Qd2 Bc8 21. Bg2
Be6 22. Rfc1 Qd7 23. Qf4 Nh5 24. Qd2 Bh3 25. Bh1 Rec8 26. e3 Bf8 27. b5 Rxc1+
28. Rxc1 a6 29. bxa6 Rxa6 30. Qc3 Bg7 31. Qb3 Be6 32. Nc6 Bxb2 33. Qxb2 Qd6 34.
Nb4 Ra8 35. Rc6 Qd8 36. h4 Ng7 37. Qd4 Nf5 38. Qxb6 Ra1+ 39. Kh2 Qf6 40. Qb8+
Kg7 41. Qf4 Qb2 42. Nc2 Rc1 43. Nd4 Nxd4 44. Rxc1 Ne2 45. Rc2 Qxc2 46. Qe5+ Kg8
47. Qb8+ Qc8 48. Qxc8+ Bxc8 49. Bxd5 Nc3 50. Bf3 Kg7 51. g4 Ba6 52. d4 f5 53.
gxf5 gxf5 54. Kg3 Kf6 55. Kf4 Bd3 56. Kg3 Ne4+ 57. Bxe4 fxe4 58. Kf4 h5 59. d5
Bc2 60. d6 Ke6 0-1

[Event "Campeonato de España sub-16 2011"]
[Site "Padron ESP"]
[Date "2011.07.22"]
[Round "6.4"]
[White "Martin Duque, Jesus"]
[Black "Cruz Lledo, Pablo"]
[Result "0-1"]
[WhiteElo "2124"]
[BlackElo "2269"]
[PlyCount "120"]
[EventDate "2011.07.19"]
[EventType "swiss"]
[EventRounds "9"]
[EventCountry "ESP"]
[Source "lmi"]
[SourceDate "2011.07.19"]

1. e4 c6 2. d4 d5 3. Nc3 dxe4 4. Nxe4 Bf5 5. Ng3 Bg6 6. h4 h6 7. Nf3 Nd7 8. h5
Bh7 9. Bd3 Bxd3 10. Qxd3 e6 11. Bf4 Qa5+ 12. Bd2 Bb4 13. Ne4 Ngf6 14. Nd6+ Ke7
15. Nc4 Bxd2+ 16. Qxd2 Qxd2+ 17. Ncxd2 Nb6 18. c4 Rhc8 19. Ne5 c5 20. dxc5 Rxc5
21. f4 Nbd7 22. Ndf3 Nxe5 23. Nxe5 Nd7 24. Nxd7 Kxd7 25. b3 b5 26. cxb5 Ke7 27.
Rd1 Rxb5 28. Ke2 a5 29. Rh3 a4 30. g4 Kf6 31. Rc3 axb3 32. axb3 Rb4 33. Kf3 Ra2
34. Rb1 Rd2 35. Kg3 Re2 36. Rf1 Rb2 37. Rff3 Rb1 38. Kf2 Rd1 39. Kg2 Rd2+ 40.
Kg3 Rb2 41. Rcd3 Rb5 42. Rc3 g6 43. hxg6 Kxg6 44. Rce3 h5 45. Re5 R2xb3 46.
gxh5+ Kh6 47. Rxb3 Rxb3+ 48. Kg2 Rd3 49. f5 Rd5 50. Re3 Rxf5 51. Kg3 Kxh5 52.
Ra3 Kg5 53. Ra8 Rb5 54. Rg8+ Kf5 55. Ra8 Rb3+ 56. Kf2 e5 57. Ra4 e4 58. Ke2 Kf4
59. Ra2 Rh3 60. Kf1 f5 0-1

[Event "Campeonato de España sub-16 2011"]
[Site "Padron ESP"]
[Date "2011.07.22"]
[Round "6.5"]
[White "Acosta Sosa, Juan Manuel"]
[Black "Quintin Navarro, Alberto"]
[Result "1/2-1/2"]
[WhiteElo "2088"]
[BlackElo "2153"]
[PlyCount "77"]
[EventDate "2011.07.19"]
[EventType "swiss"]
[EventRounds "9"]
[EventCountry "ESP"]
[Source "lmi"]
[SourceDate "2011.07.19"]

1. d4 Nf6 2. c4 g6 3. Nf3 Bg7 4. g3 O-O 5. Bg2 d6 6. O-O Nc6 7. d5 Na5 8. Nfd2
c5 9. Nc3 a6 10. Qc2 Rb8 11. b3 h5 12. Rb1 h4 13. a3 b5 14. cxb5 axb5 15. b4
cxb4 16. Rxb4 hxg3 17. hxg3 Bd7 18. Qb1 Qe8 19. Nf3 Ng4 20. Nd4 Bxd4 21. Rxd4
Kg7 22. f3 Ne5 23. Ne4 f6 24. Rb4 Nac4 25. Nf2 Rh8 26. Nd3 Qd8 27. Nxe5 Nxe5
28. Be3 Nc4 29. Qb3 Bh3 30. Kf2 Bxg2 31. Kxg2 Qc8 32. g4 Qg8 33. Qd3 Qh7 34.
Bf4 g5 35. Qxh7+ Rxh7 36. Bc1 Rbh8 37. Rg1 Rh2+ 38. Kf1 Ra8 39. Rb3 1/2-1/2

[Event "Campeonato de España sub-16 2011"]
[Site "Padron ESP"]
[Date "2011.07.22"]
[Round "6.6"]
[White "Ballester Llagaria, Luis Eduard"]
[Black "Rojano Alfonso, Carlos"]
[Result "1-0"]
[WhiteElo "2139"]
[BlackElo "2060"]
[PlyCount "53"]
[EventDate "2011.07.19"]
[EventType "swiss"]
[EventRounds "9"]
[EventCountry "ESP"]
[Source "lmi"]
[SourceDate "2011.07.19"]

1. e4 e5 2. Nf3 Nc6 3. Bb5 a6 4. Ba4 Nf6 5. d3 b5 6. Bb3 Be7 7. a4 Bb7 8. axb5
axb5 9. Rxa8 Qxa8 10. Nc3 b4 11. Ne2 d6 12. Ng3 Bc8 13. O-O Bg4 14. c3 h5 15.
h3 h4 16. Nf5 Bxf5 17. exf5 bxc3 18. bxc3 Nh5 19. Ng5 Bxg5 20. Bxg5 Ne7 21. Qg4
f6 22. Be3 Qa5 23. Be6 c6 24. Rb1 Qc7 25. Qa4 Nc8 26. Qa8 Nf4 27. Bxf4 1-0

[Event "Campeonato de España sub-16 2011"]
[Site "Padron ESP"]
[Date "2011.07.22"]
[Round "6.7"]
[White "Shen, Yue"]
[Black "Silva Rodriguez, Julio"]
[Result "1/2-1/2"]
[WhiteElo "2053"]
[BlackElo "2133"]
[PlyCount "120"]
[EventDate "2011.07.19"]
[EventType "swiss"]
[EventRounds "9"]
[EventCountry "ESP"]
[Source "lmi"]
[SourceDate "2011.07.19"]

1. d4 d5 2. c4 c6 3. Nf3 Nf6 4. e3 Bf5 5. cxd5 cxd5 6. Nc3 e6 7. Ne5 h5 8. Qb3
Qb6 9. Qxb6 axb6 10. Bb5+ Nbd7 11. Bd2 Bb4 12. Rc1 Ra5 13. a4 Ra8 14. Na2 Bd6
15. Bb4 Bxb4+ 16. Nxb4 Ke7 17. Nxd7 Rhc8 18. Nc5 bxc5 19. dxc5 Ne4 20. c6 bxc6
21. Rxc6 Nd6 22. Rxc8 Rxc8 23. Nc6+ Kf6 24. Kd2 Nc4+ 25. Bxc4 Rxc6 26. Bd3 Bxd3
27. Kxd3 Ke5 28. a5 Kd6 29. Ra1 Ra6 30. b4 Kc6 31. Kc3 Kb5 32. Kb3 Rc6 33. Ra2
Rc4 34. a6 Rxb4+ 35. Kc3 Rc4+ 36. Kd3 Rc8 37. a7 Ra8 38. Kd4 Kc6 39. f4 Kb6 40.
f5 exf5 41. Kxd5 Rd8+ 42. Ke5 Kb7 43. Kxf5 Ka8 44. e4 Re8 45. e5 Re6 46. Rd2
Re7 47. Ra2 Re6 48. g3 Re7 49. Ra6 Rc7 50. Kg5 Rc5 51. Kxh5 Rxe5+ 52. Kg4 Re7
53. h4 Rxa7 54. Rxa7+ Kxa7 55. Kf5 Kb6 56. h5 Kc6 57. g4 Kd7 58. g5 Ke7 59. h6
gxh6 60. gxh6 Kf8 1/2-1/2

[Event "Campeonato de España sub-16 2011"]
[Site "Padron ESP"]
[Date "2011.07.22"]
[Round "6.8"]
[White "Capote Robayna, Nathaniel"]
[Black "Alcaraz Ortega, Javier"]
[Result "0-1"]
[WhiteElo "2008"]
[BlackElo "2248"]
[PlyCount "136"]
[EventDate "2011.07.19"]
[EventType "swiss"]
[EventRounds "9"]
[EventCountry "ESP"]
[Source "lmi"]
[SourceDate "2011.07.19"]

1. d4 Nf6 2. c4 e6 3. Nc3 Bb4 4. Qc2 O-O 5. a3 Bxc3+ 6. Qxc3 d5 7. Nf3 Ne4 8.
Qc2 c5 9. dxc5 Nxc5 10. Be3 Ne4 11. g3 Nc6 12. Bg2 Qa5+ 13. Nd2 Nxd2 14. Bxd2
Qa6 15. Rc1 Rd8 16. cxd5 exd5 17. O-O Nd4 18. Qc7 Bg4 19. Rc5 Ne6 20. Qa5 Nxc5
21. Qxc5 Qxe2 22. Bc3 Qd3 23. Re1 d4 24. Be4 Qa6 25. Bxd4 Rac8 26. Qe5 f6 27.
Bd5+ Kh8 28. Qe7 Qd6 29. Qxd6 Rxd6 30. Bxb7 Rcd8 31. Bxa7 Rd1 32. Rxd1 Rxd1+
33. Kg2 Rd2 34. b4 Rd7 35. Bc8 Rxa7 36. Bxg4 Rxa3 37. b5 Rb3 38. Bd7 g6 39. Bc6
Kg7 40. h4 f5 41. Bd7 Kf6 42. Bc6 Ke5 43. Be8 Kf6 44. f4 Rb2+ 45. Kf3 Kg7 46.
h5 Kh6 47. hxg6 hxg6 48. Bd7 Rb3+ 49. Kg2 Kh5 50. Kh3 Rb4 51. Be8 Rb3 52. Bd7
g5 53. Be8+ Kh6 54. fxg5+ Kxg5 55. Bf7 Rxb5 56. Bc4 Rc5 57. Be2 Rc2 58. Bd1 Rf2
59. Ba4 Rd2 60. Bc6 Rd3 61. Bb5 Rb3 62. Bc4 Rc3 63. Be2 f4 64. Kg2 Rxg3+ 65.
Kf2 Ra3 66. Bf3 Kf5 67. Be2 Ke4 68. Bh5 Ra2+ 0-1

[Event "Campeonato de España sub-16 2011"]
[Site "Padron ESP"]
[Date "2011.07.22"]
[Round "6.9"]
[White "Buiza Prieto, Aizbeltz"]
[Black "Meneses Gonzalez, Kevin Moises"]
[Result "1/2-1/2"]
[WhiteElo "1949"]
[BlackElo "2226"]
[PlyCount "95"]
[EventDate "2011.07.19"]
[EventType "swiss"]
[EventRounds "9"]
[EventCountry "ESP"]
[Source "lmi"]
[SourceDate "2011.07.19"]

1. e4 c5 2. Nf3 d6 3. d4 cxd4 4. Nxd4 Nf6 5. Nc3 Nc6 6. Bc4 Qb6 7. Nxc6 bxc6 8.
O-O g6 9. e5 dxe5 10. Qe2 Bg7 11. Qxe5 Bf5 12. Be3 Nh5 13. Qxg7 Nxg7 14. Bxb6
axb6 15. Bb3 Ne6 16. Bxe6 Bxe6 17. Rfd1 Bf5 18. Rd2 f6 19. Re1 Kf7 20. a3 Rhd8
21. Red1 Rxd2 22. Rxd2 e5 23. Rd6 Rc8 24. Na4 Ke7 25. Rd2 b5 26. Nc5 Rd8 27.
Rxd8 Kxd8 28. c3 Kc7 29. b4 Kd6 30. a4 bxa4 31. Nxa4 Kd5 32. Nb2 Bc8 33. Kf1 f5
34. Ke2 Ba6+ 35. Ke3 g5 36. g3 f4+ 37. gxf4 gxf4+ 38. Kf3 Bb5 39. Nd1 Ba4 40.
Nb2 Bb3 41. Ke2 e4 42. f3 e3 43. Kd3 Ba2 44. c4+ Ke5 45. Na4 Bxc4+ 46. Kxc4 e2
47. Nb2 e1=N 48. Nd3+ 1/2-1/2